Sports Quiz

Random Sports or NBA Quiz

Athletes of the 1950s and 60s Quiz Stats

 Plays Quiz Updated Nov 3, 2017

Challenge
Share
Tweet
Score 0/30 Timer 10:00
14 Plays Today
Hint Answer % Correct
Wilt Chamberlain
83.5%
Joe Namath
80.5%
FootballJohnny Unitas
79.2%
BasketballBill Russell
78.9%
Jim Brown
78.2%
Willie Mays
77.5%
Mickey Mantle
76.7%
BaseballFrank Robinson
75.8%
Jerry West
72.4%
Hank Aaron
72.2%
Sandy Koufax
70.5%
HockeyGordie Howe
69.2%
Arthur Ashe
66.8%
Gale Sayers
63.9%
Oscar Robertson
60.3%
Hint Answer % Correct
Harmon Killebrew
58.9%
Bart Starr
49.2%
Y.A. Tittle
48.8%
Bobby Hull
46.2%
TennisRod Laver
44.4%
Margaret Court
40.6%
Althea Gibson
34%
Bob Pettit
32.6%
Stan Mikita
31.2%
Jacques Plante
19.7%
Willis Reed
15.2%
Jean Beliveau
12.5%
Terry Sawchuk
12.4%
Roy Emerson
6.8%
Maria Bueno
3.2%

You're not logged in!

Compare scores with friends on all Sporcle quizzes.
Join for Free
OR
Log In

You Might Also Like...

Show Comments

Extras

Top Quizzes Today


Score Distribution

Your Account Isn't Verified!

In order to create a playlist on Sporcle, you need to verify the email address you used during registration. Go to your Sporcle Settings to finish the process.

Report this User

Report this user for behavior that violates our Community Guidelines.

Details: